000 00563nam a2200181Ia 4500
003 GCL
008 140319s9999 xx 000 0 ara d
040 _aGCL /
_cGCL
082 0 4 _a413.028
_bم م
100 1 _aمحمد رشاد الحمزاوى
245 1 0 _aمن قضايا المعجم العربى قديما وحديثا /
_cمحمد رشاد الحمزاوى
260 _a[S.N] :
_bدار الغرب الاسلامى ،
_c1986
300 _a206 ص
490 _a
650 0 4 _aاللغة العربية
650 0 4 _aالمعاجم
942 _2ddc
_cBK
999 _c28481
_d28481